000 01105nmm a2200325 a 4500
001 ocm000879752
003 TR-IsHL
005 20201028152623.0
008 150709s2011 tu tur
007 cr cn
020 _a9789944608268
035 _a879752
_b(N$T)
050 0 4 _aJS6953.A3
_bE77 2011
090 0 4 _aJS6953.A3
_bE77 2011
100 1 _aErsöz, Halis Yunus
245 1 0 _aSosyal politikada yerelleşme
_h[electronic resource] /
_cHalis Yunus Ersöz
250 _a1 bs.
260 _aİstanbul :
_bİstanbul Ticaret Odası,
_c2011
300 _a235 p.
650 4 _aPolitika ve Uluslararası İlişkiler
650 4 _aPolitics and International Relations
650 0 _aYerel yönetim
_x Türkiye
650 0 _aLocal government
_xTurkey
650 0 _aBelediye yönetimi
_x Türkiye
650 0 _aMunicipal government
_xTurkey
650 0 _aSosyal politika
_xTürkiye
650 0 _aSocial policy
_xTurkey
650 7 _aPOLITICAL SCIENCE / World / Middle Eastern
_2bisacsh
856 4 0 _uhttp://search.ebscohost.com/login.aspx?direct=true&scope=site&db=e011xww&AN=879752
999 _c11621
_d11621